| 000 | 01465nam a2200385 a 4500 | ||
|---|---|---|---|
| 001 | ebr10369721 | ||
| 003 | CaPaEBR | ||
| 006 | m u | ||
| 007 | cr cn||||||||| | ||
| 008 | 990316s1999 enka sb 001 0 eng d | ||
| 010 | _z 98061733 | ||
| 020 | _z0761958614 | ||
| 020 | _z0761958622 (pbk.) | ||
| 020 | _z9780761958611 | ||
| 020 | _z9780857022080 (e-book) | ||
| 040 |
_aCaPaEBR _cCaPaEBR |
||
| 035 | _a(OCoLC)593240010 | ||
| 043 | _aew----- | ||
| 050 | 1 | 4 |
_aJN94.A2 _bL36 1999eb |
| 082 | 0 | 4 |
_a320.3/094 _221 |
| 100 | 1 | _aLane, Jan-Erik. | |
| 245 | 1 | 0 |
_aPolitics and society in Western Europe _h[electronic resource] / _cJan-Erik Lane and Svante Ersson. |
| 250 | _a4th ed. | ||
| 260 |
_aLondon ; _aThousand Oaks, Calif. : _bSage Publications, _c1999. |
||
| 300 |
_ax, 386 p. : _bill. |
||
| 504 | _aIncludes bibliographical references (p. [346]-374) and index. | ||
| 505 | 0 | _apt. 1. Civil society -- pt. 2. Government -- pt. 3. Outcomes. | |
| 533 |
_aElectronic reproduction. _bPalo Alto, Calif. : _cebrary, _d2013. _nAvailable via World Wide Web. _nAccess may be limited to ebrary affiliated libraries. |
||
| 650 | 0 | _aComparative government. | |
| 651 | 0 |
_aEurope _xPolitics and government _y1945- |
|
| 655 | 7 |
_aElectronic books. _2local |
|
| 700 | 1 | _aErsson, Svante O. | |
| 710 | 2 | _aebrary, Inc. | |
| 856 | 4 | 0 |
_uhttp://site.ebrary.com/lib/rucke/Doc?id=10369721 _zAn electronic book accessible through the World Wide Web; click to view |
| 999 |
_c213393 _d213393 |
||